1583 1321 1928 1721 1641 1343 1979 1665 1575 1663 1582 1677 1584 1173 1358 1732 1234 1819 1180 1287 1796 1003 1014 1456 1199 1387 1171 1667 1847 1559 1249 1145 1343 1645 1503 1346 1563 1073 1017 1166 1649 1999 1618 1575 1505 1669 1424 1238 1778 1292 1816 1579 1987 1956 1182 1220 1675 1652 1884 1757 1360 1143 1240 1552 1265 1298 1482 1459 1530 1473 1537 1544 1913 1505 1422 1185 1687 1566 1711 1945 1962 1056 1121 1913 1932 1364 1079 1681 1103 1789 1447 1307 1302 1060 1991 1989 1248 1396 1561 BCNSPRNW ULIB Ver.6.0+V

เปลี่ยนเป็นภาษาไทย

Change to English
 แสดงรายละเอียดบรรณานุกรม
  กลับหน้าหลัก

Brief Record : Get Marc (ISO 2709) : E-mail record : QR code < ปิดหน้าต่าง
LEADER : 00000nam 2200000uu 4500
001    13399123429
003     ULIB
008    140916s||||||||th 000 0 tha d
020    9748262693
099    นว.^bส781จ
100 0  โบตั๋น
245 00 ดอกไม้ริมทาง^cโบตั๋น
260    กรุงเทพฯ :^bชมรมเด็ก,^c2538
945    ^p0^l0^i013635
999    ^aเกษร โพธิ์สุวรรณ
รายการนี้ยังไม่มีแท็ก
คุณยังไม่ได้ล็อกอิน คุณสามารถมีกิจกรรมร่วมกับเว็บไซต์ได้ แต่ต้องล็อกอินก่อน ::
  ล็อกอิน

รายการสื่อสารสนเทศ

ลำดับที่ ประเภท เลขเรียก/บาร์โค้ด สถานที่ สถานะ
1. นวนิยาย
นวนิยาย
นว. ส781จ ฉ.1 
  Barcode: 013635
ห้องสมุดวิทยาเขตสวรรค์ประชารักษ์
►นวนิยาย
บนชั้น
  ขอยืม

BibComment


ยังไม่เคยถูกคอมเมนท์

คอมเมนท์ทรัพยากรรายการนี้
  คอมเมนท์: ดอกไม้ริมทาง โบตั๋น


 Copyright 2026. Bcnsprnw @Library